00377nam a2200145Ia 4500003000400000008004100004040001600045082001300061100002000074245006000094260003000154300001000184650001500194650002200209GCL140319s9999 xx 000 0 eng d aGCL / cGCL04a843bR J1 aRINALDI, ANGELO10aLES JOURS NE SEN VONT PAS LONGTEMPS / cRINALDI, ANGELO a[S.N] : bFOLIO ، c1995 a404 P04aLITERATURE04aFRENCH LITERATURE